| 000 | 01074cas a22002415 4500 | ||
|---|---|---|---|
| 001 | L139707 | ||
| 008 | 111114c2004 xxuag ws ss 0 a0eng u | ||
| 035 | _a(Sirsi) u139707 | ||
| 041 | 0 | _aeng | |
| 050 | _a333.33 $2 18 | ||
| 110 | 2 |
_aJones Lang LaSalle _93755 |
|
| 245 | 0 | 0 |
_aReal estate transparency index _h[electronic resource] |
| 260 |
_a[S.l.] _bJLL _c2004- |
||
| 362 | 0 | _a2004- | |
| 490 | 0 |
_aJones Lang LaSalle Real Estate Transparency Index _v2004- |
|
| 520 | _aExamines real estate market transparency in 81 global markets. Provides the full real estate market transparency index with commentary and regional transparency scores for key markets in Asia Pacific, Europe, Middle East and North Africa, and the Americas. | ||
| 554 | _aEvery two years | ||
| 650 | 2 | 4 | _aJONES LANG LASALLE REAL ESTATE TRANSPARENCY INDEX |
| 651 | 4 | _aInternational | |
| 690 | _aPROPERTY-COMMERCIAL PROPERTY-COMMERCIAL PROPERTY MARKET | ||
| 856 | 4 | 0 |
_uhttps://www.joneslanglasalle.com/Pages/greti_home.aspx _zView the item free of charge at www.joneslanglasalle.com |
| 942 | _n0 | ||
| 999 |
_c119115 _d119115 |
||